Devinez la Capitale Mystère #93 - Statistiques

Statistiques générales
  • Ce quiz a été pris 114 fois
  • Le résultat moyen est 28 sur 35
Statistiques - réponses
Type de Réponse Réponse % Correct
Lettre de l'Alphabet A
100%
Lettre de l'Alphabet E
99%
Lettre Trouvée I
99%
Lettre de l'Alphabet N
99%
Lettre de l'Alphabet R
99%
Lettre de l'Alphabet L
98%
Lettre Trouvée O
98%
Lettre de l'Alphabet S
98%
Lettre Trouvée B
96%
Lettre Trouvée T
96%
Lettre de l'Alphabet P
95%
Lettre de l'Alphabet M
94%
Lettre Trouvée D
93%
Lettre de l'Alphabet K
91%
Lettre Trouvée U
88%
Lettre de l'Alphabet H
87%
Lettre de l'Alphabet G
86%
Lettre Bien Placée O
84%
Lettre de l'Alphabet C
82%
Lettre de l'Alphabet W
76%
Lettre de l'Alphabet Y
72%
Lettre Bien Placée B
68%
Lettre Bien Placée I
67%
Lettre de l'Alphabet X
66%
Lettre de l'Alphabet V
64%
Lettre Bien Placée D
62%
Lettre Bien Placée I
60%
Lettre Trouvée J
60%
Lettre Bien Placée U
60%
Lettre de l'Alphabet Z
56%
Lettre de l'Alphabet F
55%
Lettre Bien Placée J
53%
Lettre de l'Alphabet Q
53%
Capitale Mystère Djibouti
49%
Lettre Bien Placée T
49%
Aucun quiz correspondant
Distribution des résultats
% des personnes avec chaque résultat
Percentile par nombre de réponses
Votre historique - résultats
Vous n’avez pas pris ce quiz